| 000 | 00703nam a2200229Ia 4500 | ||
|---|---|---|---|
| 003 | OSt | ||
| 005 | 20220923225311.0 | ||
| 006 | a|||||r|||| 00| 0 | ||
| 007 | ta | ||
| 008 | 220922b |||||||| |||| 00| 0 hin d | ||
| 024 | _a262,253 | ||
| 037 | _cTextual | ||
| 040 |
_aARTS _cARTS _bhin |
||
| 041 |
_2hin _ahin |
||
| 082 | _aQ41:2112, 152L2 | ||
| 100 | _aजैन, भागचन्द्र, अनु. | ||
| 245 | 0 | _aपातिमोक्ख | |
| 246 | _aPātimokkha | ||
| 260 |
_aनागपुर _b आलोक प्रकाशन _c1972 |
||
| 942 |
_hQ41:2112, 152L2 _cTEXL _2CC |
||
| 999 |
_c377347 _d377347 |
||